Maires de fiction - Statistiques

Statistiques générales
  • Ce quiz a été pris 9 fois
  • Le résultat moyen est 4 sur 24
Statistiques - réponses
Par images Réponse % Correct
Pauline
67%
Tortimer
67%
Joe Quimby
56%
José
56%
Regina Mills
33%
Maire McDaniels
22%
Roger Maroni
22%
Victor Lang
22%
Dan Scott
11%
Hoop Slap
11%
Leodore Lionheart
11%
Peppone
11%
Watson
11%
Baldinn
0%
Christopher Cole
0%
C.Randall Poopenmeyer
0%
Domino
0%
Goldie Wilson
0%
Lazar
0%
Mayor Mare
0%
Mme Mayor
0%
Richard Wilkins
0%
Smokey Brown
0%
Wilson Klass
0%
Aucun quiz correspondant
Distribution des résultats
% des personnes avec chaque résultat
Percentile par nombre de réponses
Votre historique - résultats
Vous n’avez pas pris ce quiz